La Côte d'ivoire pour les touristes... - Statistiques

Statistiques générales
  • Ce quiz a été pris 74 fois
  • Le résultat moyen est 9 sur 20
Statistiques - réponses
Question Indice Réponses % Correct
Quelle est la langue officielle ? Français
100%
Ce pays est plus grand que la France (oui/non) Non
71%
Quelle est la monnaie ? Franc CFA
68%
Dans la capitale quel est le décalage horaire avec Paris ? (+ ou - et chiffre) ex - 10 ou + 3,5 - 2
65%
Quel pays a accordé son indépendance à celui-ci ? France
65%
Quel est le régime du pays ? R République
63%
Achats à faire 2/ Pour cacher le visage M Masque
62%
Le principal aéroport est A Abidjan
54%
La religion majoritaire est Islam
54%
Quelles sont les principaux lieux touristiques ? B Notre-Dame de la Paix à {Yamoussoukro}
54%
Code sur les plaques minéralogiques CI
38%
Le suffixe internet est ci
38%
Achats à faire 4/ Jeu A Awalé
37%
Quelles sont les principaux lieux touristiques ? B Quartier de {Cocody} à Abidjan
37%
Quelles sont les principaux lieux touristiques ? T Régions des 18 {montagne}
29%
Quel est le climat local ? T & E {Tropical} & {Equatorial}
24%
Achats à faire 3/ Instrument de musique D Djembé
17%
Quelles sont les principaux lieux touristiques ? S Région des {lacs}
14%
Achats à faire 5/ Toiles de K Korhogo
10%
Achats à faire 1/ Sculptures A Animalière
3%
Aucun quiz correspondant
Distribution des résultats
% des personnes avec chaque résultat
Percentile par nombre de réponses
Votre historique - résultats
Vous n’avez pas pris ce quiz